| 000 | 00760nam a22002057a 4500 | ||
|---|---|---|---|
| 999 |
_c16394 _d16394 |
||
| 003 | AR-CdUCM | ||
| 008 | 190225b ||||| |||| 00| 0 spa d | ||
| 040 |
_aMUNICIPALIDAD PROVINCIAL DEL CUSCO _cBIBLIOTECA MUNICIPAL DEL CUSCO |
||
| 082 |
_a513.8 / _bSA25 |
||
| 100 |
_aSantoló, Luis A. _935818 |
||
| 245 | _aGeometrías no euclidianas / | ||
| 260 |
_bEudeba, _c1961. _aArgentina : |
||
| 300 |
_a63 paginas ; _c25 cm. |
||
| 440 |
_aCuadernos de Eudeba. _n45 _935819 |
||
| 505 | _aContenido :Los elementos de Euclides -- Las geometrías proyectiva -- Las cónicas -- Propiedades gráficas -- Otros modelos para las geometrías no euclidianas ... | ||
| 650 |
_aArgetina. _935810 |
||
| 650 |
_aSiglo XX. _98 |
||
| 942 |
_2ddc _cLIBROS |
||
| 945 |
_arum _d2019-05-03 |
||